| 000 | 01582cam a2200289 i 4500 | ||
|---|---|---|---|
| 001 | 32160 | ||
| 003 | BD-RjUL | ||
| 005 | 20211209051809.0 | ||
| 008 | 140424r19761901ch b 000 0 eng d | ||
| 035 | _a(BD-RjUL)32249 | ||
| 040 |
_aBD-RjUL _beng _cBD-RjUL _dBD-RjUL |
||
| 041 | _aeng | ||
| 082 |
_a299.51 _bGRR V-6 BK-2 (Pt.4-5) 1976 |
||
| 100 | 1 | 0 |
_aGroot, J. J. M. de _q(Jan Jakob Maria), _d1854-1921. _997879 |
| 245 | 1 | 4 |
_aThe religious system of China : _bits ancient forms, evolution, history and present aspect, manners, customs and social institutions connected therewith / _cby J.J.M. de Groot. _nVolume IV. _nBook II : _pOn the soul and ancestral worship. _nPart IV : _pThe war against spectres. _nPart V : : _pThe priesthood of Animism. |
| 260 | 0 |
_aTaipei : _bCh'eng Wen Publishing Company, _c1901 [ Reprinted 1976]. |
|
| 300 |
_a[2], [929]-1341, [1] p. : _bill. ; _c22 cm. |
||
| 500 | _a"Published with a subvention from the Dutch colonial government". | ||
| 500 | _aVolumes 1-3 and 4-6 paged continuously. | ||
| 505 | 0 | _av. 1-3. Book 1. Disposal of the dead: pt. 1. Funeral rites -- pt. 2.The ideas of resurrection -- pt. 3. The grave (second half) -- v. 4-6. Book 2. On the soul and ancestral worship: pt. 1. The soul in philosophy and folk-conception -- pt. 2. Demonology -- pt. 3. Sorcery -- pt. 4. The war against spectres -- pt. 5. The priesthood of Animism. | |
| 650 | 0 |
_aAncestor worship. _997880 |
|
| 650 | 0 |
_aBurial. _997881 |
|
| 650 | 0 |
_aDemonology. _997882 |
|
| 650 | 0 |
_aWitchcraft _zChina. _997735 |
|
| 651 | 0 |
_aChina _xReligion. _997883 |
|
| 942 |
_2ddc _cBK |
||
| 999 |
_c32160 _d32160 |
||